| 000 | 01233nam a2200337Ia 4500 | ||
|---|---|---|---|
| 001 | ebr5008072 | ||
| 003 | CaPaEBR | ||
| 006 | m u | ||
| 007 | cr cn||||||||| | ||
| 008 | 990408s1999 nyua sb 001 0 eng d | ||
| 010 | _z 99015367 | ||
| 020 | _z0387987940 (alk. paper) | ||
| 040 |
_aCaPaEBR _cCaPaEBR |
||
| 035 | _a(OCoLC)54849376 | ||
| 050 | 1 | 4 |
_aQA166.7 _b.Z66 1999eb |
| 082 | 0 | 4 |
_a511/.6 _221 |
| 100 | 1 | _aZong, Chuanming. | |
| 245 | 1 | 0 |
_aSphere packings _h[electronic resource] / _cChuanming Zong ; edited by John Talbot. |
| 260 |
_aNew York : _bSpringer, _cc1999. |
||
| 300 |
_axiii, 241 p. : _bill. |
||
| 490 | 1 | _aUniversitext | |
| 504 | _aIncludes bibliographical references (p. [219]-236) and index. | ||
| 533 |
_aElectronic reproduction. _bPalo Alto, Calif. : _cebrary, _d2013. _nAvailable via World Wide Web. _nAccess may be limited to ebrary affiliated libraries. |
||
| 650 | 0 | _aCombinatorial packing and covering. | |
| 650 | 0 | _aSphere. | |
| 655 | 7 |
_aElectronic books. _2local |
|
| 700 | 1 | _aTalbot, John. | |
| 710 | 2 | _aebrary, Inc. | |
| 830 | 0 | _aUniversitext. | |
| 856 | 4 | 0 |
_uhttp://site.ebrary.com/lib/rucke/Doc?id=5008072 _zAn electronic book accessible through the World Wide Web; click to view |
| 999 |
_c5247 _d5247 |
||